000
00292nam a22001337a 4500
008
171108b xxu||||| |||| 00| 0 eng d
020
_a
1557380279
041
_a
eng
080
_a
330.322
100
_a
64
101
_a
INV
245
_a
PORTOFOLIO INVESTMENT
_c
FABOZI.F.J
942
_2
udc
_c
BK
999
_c
38247
_d
38247